| 000 | 00951nam a2200253 i 4500 | ||
|---|---|---|---|
| 001 | 15971 | ||
| 003 | ES-MaACL | ||
| 005 | 20250802063059.0 | ||
| 007 | t| | ||
| 008 | 000530s1998 sp ||||0| spa j | ||
| 020 | _a84-7846-764-5 | ||
| 040 |
_aM-BN _bspa _cM-BN |
||
| 080 | _a725.51(460.185 Medina del Campo) | ||
| 100 | 1 |
_aNavarro García, Luis _985126 |
|
| 245 | 1 | 3 |
_aEl Hospital general de Simón Ruiz en Medina del Campo _b: fábrica e idea / _cLuis Navarro García. |
| 260 |
_a[Valladolid] : _bConsejería de Educación y Cultura, _c1998. |
||
| 300 |
_a279 p. : _bil. ; _c25 cm. |
||
| 490 | 1 |
_aEstudios de arte ; _v11 |
|
| 610 | 2 | 7 |
_aHospital General de la Purísima Concepción y San Diego de Alcalá (Medina del Campo) _94605 |
| 710 | 1 |
_aCastilla y León. _bConsejería de Educación y Cultura. _92500 |
|
| 830 | 0 |
_aEstudios de arte ; _v11 _9179848 |
|
| 852 |
_aES-MaACL _jL-23233 _bR.128223 |
||
| 999 |
_c15971 _d15971 |
||